000 00681nam a2200265Ia 4500
005 20260121172814.0
008 008 260114s9999 xx 000 0 eng d
020 _a9783030895792
037 _aEBOOK
040 _aCRL
040 _beng
040 _cCRL
041 _2eng
041 _aeng
084 _qCRL
100 _aLuis Espinosa-Anke, Carlos Martín-Vide, Irena Spasi?
_91092953
245 0 _aStatistical Language and Speech Processing
260 _bSpringer
260 _bSpringer
260 _c2021
856 _uhttps://link.springer.com/openurl?genre=book&isbn=978-3-030-89579-2
942 _cEBOOK
999 _c1658694
_d1658694